00731cam a2200205 a 4500020003600000082002900036100002900065245008700094250001200181260003100193300004600224500002000270526003700290650001300327650002600340700003000366942001200396999001900408952009800427 a0471076813 (cloth : alk. paper)00a621.4021bMORcL-N, P-271 aMoran, Michael J.94172910aFundamentals of engineering thermodynamics /cMichael J. Moran, Howard N. Shapiro. a3rd ed. aNew York :bWiley,cc1995. axiv, 859 p. :bill. (some col.) ;c26 cm. aIncludes index. a0b0c0d621_402100000000000_MOR 0aMCE9379 0aThermodynamics.971341 aShapiro, Howard N.941730 2ddccBK c545774d545774 00102ddc4070aMCEbMCEd2014-05-29l0o621.4021 MORpMCE-44164r2014-05-29w2014-05-29yBK